[Event "Ch Estonia (team)"]
[Site "masterchessopen.com Parnu/Tallinn (Estonia)"]
[Round "0"]
[White "Rauk Tonu (EST)"]
[Black "Seeman Tarvo (EST)"]
[Result "0-1"]
[WhiteElo "2205"]
[BlackElo "2445"]

1.d4 Nf6 2.c4 g6 3.Nc3 Bg7 4.Nf3 O-O 5.g3 d6 6.Bg2 Nbd7 7.O-O e5 8.e4 c6 9.b3
Re8 10.Bb2 Qb6 11.Qc2 exd4 12.Na4 Qc7 13.Nxd4 a6 14.Rad1 Rb8 15.h3 c5 16.Ne2
b5 17.cxb5 axb5 18.Nac3 b4 19.Nb1 Bb7 20.Nd2 d5 21.Nf4 dxe4 22.Nc4 Ba6 23.Rfe1
Bxc4 24.Qxc4 Ne5 25.Bxe5 Rxe5 26.Nd5 Nxd5 27.Rxd5 e3 28.fxe3 Rxd5 29.Qxd5 Qxg3
30.Re2 Qc7 31.Rc2 Bh6 32.e4 Rd8 33.Qc4 Be3+ 34.Kh1 Rd1+ 35.Bf1 Qg3 {#R} 0-1

[Event "Ch Estonia"]
[Site "masterchessopen.com Puhajarve (Estonia)"]
[Round "6"]
[White "Kengis Edvins (LAT)"]
[Black "Seeman Tarvo (EST)"]
[Result "1-0"]
[WhiteElo "2561"]
[BlackElo "2445"]

1.Nf3 Nf6 2.c4 g6 3.g3 Bg7 4.Bg2 O-O 5.d4 d6 6.O-O Nbd7 7.Nc3 e5 8.e4 c6 9.Rb1
Re8 10.h3 exd4 11.Nxd4 Nc5 12.Re1 a5 13.Bf4 a4 14.Qd2 Nh5 15.Be3 Nf6 16.Qc2
Nfd7 17.b4 axb3 18.axb3 Ne5 19.Red1 Qe7 20.f4 Ned7 21.Bf2 h5 22.b4 Ne6 23.Nxe6
Qxe6 24.Ne2 Qe7 25.Qd2 Nf6 26.Nc3 Ra3 27.c5 dxc5 28.Bxc5 Qc7 29.e5 Nd7 30.Bf2
Nb6 31.Qc1 Ra6 32.b5 cxb5 33.Nxb5 Qxc1 34.Rbxc1 {#r} 1-0

[Event "Ch Croatia (team) (1st league)"]
[Site "masterchessopen.com Pula (Croatia)"]
[Round "1"]
[White "Stohl Igor (SVK)"]
[Black "Ljubicic Filip (CRO)"]
[Result "1-0"]
[WhiteElo "2534"]
[BlackElo "2413"]

1.d4 Nf6 2.c4 g6 3.g3 Bg7 4.Bg2 d6 5.Nf3 O-O 6.O-O Nbd7 7.Nc3 e5 8.e4 c6 9.b3
exd4 10.Nxd4 Re8 11.h3 Nc5 12.Re1 a5 13.Bf4 d5 14.exd5 Rxe1+ 15.Qxe1 cxd5
16.Rd1 Nh5 17.Be5 f6 18.Bxd5+ Kh8 19.Bc7 Qf8 20.g4 Bxg4 21.hxg4 Qc8 22.gxh5
Qxc7 23.Qe3 Qd7 24.hxg6 Re8 25.Qg3 Re5 26.Nf3 {#r} 1-0

[Event "It (open)"]
[Site "masterchessopen.com Sitges (Spain)"]
[Round "2"]
[White "Gonzalez Jorge V (CHI)"]
[Black "Castells Briones Miquel (ESP)"]
[Result "1-0"]
[WhiteElo "2096"]
[BlackElo "2091"]

1.Nf3 Nf6 2.g3 g6 3.Bg2 Bg7 4.c4 d6 5.Nc3 e5 6.d4 O-O 7.O-O Nbd7 8.e4 c6 9.b3
Re8 10.Bb2 exd4 11.Nxd4 Nc5 12.Qc2 a5 13.Rad1 Qe7 14.Rfe1 Nfd7 15.h3 Ne6
16.Nf5 Qf8 17.Nxd6 Nd4 18.Rxd4 Bxd4 19.Nxe8 Qxe8 20.Kh2 Qf8 21.f4 Qh6 22.Qd2
Ne5 23.Rf1 Bb6 24.c5 Ng4+ 25.Kh1 Bxc5 26.Qd8+ Bf8 27.Nd1 b6 28.Qxb6 Qh5
29.Qxc6 Rb8 30.Ne3 Nxe3 31.Qf6 {#r} 1-0

[Event "Extra League 2001/02"]
[Site "masterchessopen.com Slovakia"]
[Round "6"]
[White "Blaho Stefan (SVK)"]
[Black "Kubala Jan (SVK)"]
[Result "1-0"]
[WhiteElo "2150"]
[BlackElo "2212"]

1.d4 Nf6 2.c4 g6 3.Nc3 Bg7 4.Nf3 O-O 5.g3 d6 6.Bg2 Nbd7 7.O-O e5 8.e4 c6 9.b3
Re8 10.h3 exd4 11.Nxd4 Nc5 12.Re1 Qb6 13.Be3 Qb4 14.Qc2 a5 15.Ncb5 Nxb3
16.axb3 cxb5 17.Nxb5 Re7 18.Red1 a4 19.Rxa4 Rxa4 20.bxa4 Be6 21.Nxd6 Rc7 22.c5
Bd7 23.Rb1 Qxa4 24.Qxa4 Bxa4 25.Ra1 Be8 26.e5 {#r} 1-0

[Event "Ch China (team)"]
[Site "masterchessopen.com Suzhou/Jiangsu (China)"]
[Round "7"]
[White "Lin Ta (CHN)"]
[Black "Qiao Liang (CHN)"]
[Result "1-0"]
[WhiteElo "2374"]
[BlackElo "2376"]

1.d4 Nf6 2.c4 g6 3.g3 Bg7 4.Bg2 O-O 5.Nc3 d6 6.Nf3 Nbd7 7.O-O e5 8.e4 c6 9.b3
exd4 10.Nxd4 Nc5 11.h3 Re8 12.Re1 Nfd7 13.Be3 a5 14.Rb1 Ne5 15.Qc2 Qe7 16.Red1
Ned7 17.Rd2 Nf6 18.Bf4 Nh5 19.Be3 Qf8 20.g4 Nf6 21.Bf4 Nfd7 22.Ndb5 cxb5
23.Bxd6 Bxc3 24.Bxf8 Bxd2 25.Bxc5 Nxc5 26.Qxd2 Bd7 27.Qd4 b6 28.e5 Rad8 29.Rd1
Rc8 30.Bd5 Be6 31.Qe3 Rcd8 32.Rd2 bxc4 33.bxc4 Bc8 34.f4 Rd7 35.Bc6 {#r} 1-0

[Event "It (open)"]
[Site "masterchessopen.com Zadar (Croatia)"]
[Round "6"]
[White "Biliskov Vjekoslav (CRO)"]
[Black "Tisma Nebojsa (CRO)"]
[Result "1-0"]
[WhiteElo "2335"]
[BlackElo "2153"]

1.c4 Nf6 2.Nc3 g6 3.g3 Bg7 4.Bg2 O-O 5.d4 d6 6.Nf3 Nbd7 7.O-O e5 8.e4 c6 9.b3
exd4 10.Nxd4 Nc5 11.h3 Re8 12.Re1 Qb6 13.Be3 Qc7 14.Qc2 a5 15.Rad1 Qe7 16.f4
Ne6 17.Nde2 Nc5 18.Bf2 Nfxe4 19.Nxe4 Nxe4 20.Bxe4 Qxe4 21.Nd4 Qxe1+ 22.Bxe1
Bxd4+ 23.Rxd4 Rxe1+ 24.Kf2 Bf5 25.Qd2 Rh1 26.Kg2 Rxh3 27.Rxd6 h5 28.Rd8+ Rxd8
29.Qxd8+ Kg7 30.Qxa5 h4 31.Qe5+ Kh7 32.gxh4 Rd3 33.Qf6 Rd7 34.Kf3 Bb1 35.Kg4
Bd3 36.Kg5 Be2 37.Qe5 Bd3 38.Qe8 Bf5 39.Qf8 Bd3 40.Kf6 {#r} 1-0

[Event "Ch Hungary (open)"]
[Site "masterchessopen.com Zalakaros (Hungary)"]
[Round "6"]
[White "Ursic Silvio (SLO)"]
[Black "Boros Denes (HUN)"]
[Result "0-1"]
[WhiteElo "1902"]
[BlackElo "2234"]

1.c4 Nf6 2.Nc3 g6 3.g3 Bg7 4.d4 O-O 5.Bg2 d6 6.Nf3 Nbd7 7.e4 e5 8.O-O c6
9.dxe5 dxe5 10.b3 Qe7 11.Qc2 Rd8 12.Bb2 Nf8 13.Rad1 Bg4 14.h3 Bxf3 15.Bxf3 Ne6
16.Ne2 Ne8 17.Bg2 Rxd1 18.Rxd1 Rd8 19.Rxd8 Qxd8 20.c5 Qa5 21.a3 Qxc5 22.Qxc5
Nxc5 23.Nc1 Nd6 24.f3 f6 25.b4 Na4 26.Nd3 Bh6 27.Bf1 Nc4 28.Ba1 Nxa3 29.f4 Nc2
{#R} 0-1

[Event "It (w)"]
[Site "masterchessopen.com Tbilisi (Georgia)"]
[Date "2001.05.15"]
[Round "9"]
[White "Bagaturov Giorgi (GEO)"]
[Black "Mamedov Nidjat (AZE)"]
[Result "1-0"]
[WhiteElo "2473"]
[BlackElo "2405"]

1.d4 Nf6 2.c4 g6 3.Nf3 Bg7 4.g3 O-O 5.Bg2 d6 6.Nc3 Nbd7 7.O-O e5 8.e4 c6 9.b3
Re8 10.h3 a5 11.Re1 exd4 12.Nxd4 Nc5 13.Bf4 h6 14.Qc2 Ng4 15.Rad1 Ne5 16.Be3
Qb6 17.Re2 Qb4 18.Ndb5 Rd8 19.Nd5 cxd5 20.Bd2 Qxb5 21.cxb5 dxe4 22.Be3 Ned3
23.Bxc5 Nxc5 24.Qxc5 {#r} 1-0

[Event "Ch Azerbaijan"]
[Site "masterchessopen.com Baku (Azerbaijan)"]
[Round "5"]
[White "Maharramzade Javad (AZE)"]
[Black "Badalov Samir (AZE)"]
[Result "1-0"]
[WhiteElo "2473"]
[BlackElo "2303"]

1.d4 Nf6 2.Nf3 g6 3.c4 Bg7 4.g3 O-O 5.Bg2 d6 6.Nc3 Nbd7 7.O-O e5 8.e4 exd4
9.Nxd4 Re8 10.h3 Nc5 11.Re1 a5 12.Ndb5 Bd7 13.Bf4 Nh5 14.Be3 Bc6 15.Bxc5 dxc5
16.Qxd8 Rexd8 17.Nxc7 Rac8 18.N7d5 Re8 19.Rad1 Bd4 20.Kf1 Kf8 21.Rd2 Re5 22.h4
Rd8 23.Red1 {#r} 1-0

[Event "Olympiad"]
[Site "masterchessopen.com Bled (Slovenia)"]
[Round "5"]
[White "Aderito Pedro (ANG)"]
[Black "Nanjo Ryosuke (JPN)"]
[Result "1-0"]
[WhiteElo "2287"]
[BlackElo "2092"]

1.c4 e5 2.Nc3 Nf6 3.Nf3 d6 4.d4 Nbd7 5.g3 g6 6.Bg2 Bg7 7.O-O O-O 8.e4 c6 9.Re1
Re8 10.Rb1 a5 11.h3 Rb8 12.b3 exd4 13.Nxd4 Nc5 14.Bg5 Qb6 15.Nc2 Nh5 16.Qd2
Bd7 17.g4 Nf6 18.Qxd6 Nxg4 19.hxg4 Bxc3 20.Be3 Bxe1 21.Rxe1 Bxg4 22.Bxc5 Qd8
23.Qf4 h5 24.Bd6 Ra8 25.Ne3 a4 26.b4 Re6 27.e5 f6 28.Nxg4 hxg4 29.Qxg4 Qe8
30.c5 fxe5 31.Bh3 Kf7 32.Qc4 Kf6 33.Bxe5+ Rxe5 34.Qf4+ Rf5 35.Qd4+ Kf7 36.Rxe8
Rg5+ 37.Kf1 Rxe8 38.Qf4+ {#r} 1-0

[Event "Ch Yugoslavia (team)"]
[Site "masterchessopen.com Budva (Yugoslavia)"]
[Round "0"]
[White "Ilincic Zlatko (SRB)"]
[Black "Strikovic Aleksa (SRB)"]
[Result "1-0"]
[WhiteElo "2535"]
[BlackElo "2467"]

1.d4 Nf6 2.c4 g6 3.g3 Bg7 4.Bg2 O-O 5.Nc3 d6 6.Nf3 Nbd7 7.O-O e5 8.e4 c6 9.b3
Re8 10.h3 a5 11.Be3 exd4 12.Nxd4 Nc5 13.Qc2 Qe7 14.Rae1 Bd7 15.Bc1 Rad8 16.Re2
Bc8 17.Rd1 h6 18.Kh2 Qe5 19.Bf3 Nh7 20.Bf4 Qe7 21.Be3 h5 22.Bg2 h4 23.g4 Ng5
24.Qb1 Nge6 25.Nf3 Be5+ 26.Kg1 Qf6 27.Rc2 Nf4 28.Nxe5 Nxg2 29.Kxg2 Qxe5 30.Bd4
{#r} 1-0

[Event "Ch Yugoslavia (team) (w)"]
[Site "masterchessopen.com Budva (Yugoslavia)"]
[Round "0"]
[White "Maric Alisa (SRB)"]
[Black "Dimovski Aleksandra (BIH)"]
[Result "1-0"]
[WhiteElo "2431"]
[BlackElo "2114"]

1.Nf3 Nf6 2.c4 g6 3.g3 Bg7 4.Bg2 d6 5.d4 O-O 6.O-O Nbd7 7.Nc3 e5 8.e4 c6 9.b3
Re8 10.h3 h6 11.Be3 Qe7 12.Qc2 Nh5 13.Rad1 Nf8 14.Qc1 g5 15.Qa3 Qf6 16.Nh2 Qg6
17.dxe5 dxe5 18.Qd6 Ne6 19.Qa3 Nd4 20.Bxd4 exd4 21.Ne2 Rd8 22.Rd2 Bf8 23.b4
Be6 24.c5 Bc4 25.Rfd1 Bxe2 26.Rxe2 Ng7 27.Nf3 Ne6 28.Ne5 Qg7 29.Nc4 b5 30.Na5
Rac8 31.e5 d3 32.Rxd3 Rxd3 33.Qxd3 Rd8 {#r} 1-0

[Event "It (open) \"]
[Site "masterchessopen.com Copenhagen (Denmark)"]
[Round "4"]
[White "Jorgensen Dennis (DEN)"]
[Black "Jorgensen Carina Eilegaard (DEN)"]
[Result "1-0"]
[WhiteElo "2222"]
[BlackElo "2027"]

1.d4 Nf6 2.c4 g6 3.Nf3 Bg7 4.g3 O-O 5.Bg2 d6 6.O-O Nbd7 7.Nc3 e5 8.e4 exd4
9.Nxd4 a5 10.Ndb5 Re8 11.h3 Nc5 12.Re1 a4 13.Bg5 Bd7 14.Qc2 h6 15.Be3 Bxb5
16.cxb5 Nfd7 17.Rad1 Qc8 18.Bd4 Bxd4 19.Rxd4 Nb6 20.Nd5 Nxd5 21.Rxd5 b6 22.e5
Ra5 23.Qd2 Qe6 24.Rd1 dxe5 25.Rxc5 bxc5 26.Qxa5 Qxa2 27.Qxc7 Qxb2 28.Bd5 Rf8
29.Qxc5 a3 30.Qc4 Kg7 31.Qa2 Rd8 32.Rb1 Qxb1+ 33.Qxb1 Rxd5 34.b6 Rd8 35.Qa1
{#r} 1-0

[Event "It (open)"]
[Site "masterchessopen.com Dubai (United Arab Emirates)"]
[Round "3"]
[White "Himanshu Kumar (IND)"]
[Black "Asylguzhin Radik (RUS)"]
[Result "0-1"]
[WhiteElo "2036"]
[BlackElo "2291"]

1.Nf3 d6 2.d4 Nd7 3.c4 e5 4.Nc3 g6 5.g3 Bg7 6.Bg2 Ngf6 7.O-O O-O 8.e4 c6 9.Re1
Qe7 10.h3 h6 11.Be3 Kh7 12.Qc2 Re8 13.Rad1 Nf8 14.b3 b6 15.Bc1 Qc7 16.Ba3 N6d7
17.dxe5 dxe5 18.Bd6 Qb7 19.b4 a5 20.b5 c5 21.Nd5 Ne6 22.Ne7 Bf8 23.Nf5 Nd4
24.N3xd4 cxd4 25.Bxf8 Rxf8 26.Ne7 Nc5 27.Nc6 Qc7 28.Rf1 Bb7 29.f4 Bxc6 30.bxc6
f6 31.Rd2 Qxc6 32.Rdf2 Qd6 33.fxe5 fxe5 34.Rf7+ Rxf7 35.Rxf7+ Kg8 36.Rf1 Rf8
37.Rxf8+ Kxf8 38.Qd2 Kg7 39.g4 d3 40.h4 Qd4+ 41.Kh2 {#R} 0-1

[Event "It (open)"]
[Site "masterchessopen.com Ferrol (Spain)"]
[Round "2"]
[White "Benito Alba Eladio (ESP)"]
[Black "Espineira Gonzalez Diego (ESP)"]
[Result "0-1"]
[WhiteElo "1984"]
[BlackElo "2237"]

1.d4 Nf6 2.c4 g6 3.g3 Bg7 4.Bg2 O-O 5.Nc3 d6 6.Nf3 Nbd7 7.O-O e5 8.e4 c6 9.Bg5
h6 10.Bxf6 Qxf6 11.d5 c5 12.Rb1 Qe7 13.Nd2 f5 14.f4 fxe4 15.fxe5 Nxe5 16.Rxf8+
Qxf8 17.Bxe4 Ng4 18.Nf3 Bd4+ {#R} 0-1

[Event "Ch Finland (team) 2001/02"]
[Site "masterchessopen.com Finland"]
[Round "9"]
[White "Solozhenkin Evgeniy (RUS)"]
[Black "Sepp Olav (EST)"]
[Result "1-0"]
[WhiteElo "2509"]
[BlackElo "2431"]

1.d4 Nf6 2.c4 g6 3.g3 Bg7 4.Bg2 O-O 5.Nc3 d6 6.Nf3 Nbd7 7.O-O e5 8.e4 c6 9.Be3
Ng4 10.Bg5 Qb6 11.h3 exd4 12.Na4 Qa6 13.hxg4 b5 14.c5 dxc5 15.Nxc5 Nxc5 16.Be7
Ne6 17.Bxf8 Kxf8 18.e5 Qb6 19.b4 Bb7 20.Qe2 a5 21.a3 Kg8 22.Rab1 Rd8 23.Ne1
Ba6 24.Nd3 c5 25.bxc5 Nxc5 26.Nxc5 Qxc5 27.e6 Qe7 28.exf7+ Kxf7 29.Qd3 Rd6
30.Rfe1 Qd7 31.g5 Bf8 32.Qd2 a4 33.Re4 Be7 34.Rbe1 Bd8 35.Qf4+ Kg7 36.Re8 {#r}
1-0

[Event "Ch France (team) 2002"]
[Site "masterchessopen.com France"]
[Round "4"]
[White "Paci Cedric (FRA)"]
[Black "Apicella Manuel (FRA)"]
[Result "0-1"]
[WhiteElo "2231"]
[BlackElo "2501"]

1.Nf3 Nf6 2.c4 g6 3.g3 Bg7 4.Bg2 O-O 5.O-O d6 6.d4 Nbd7 7.Nc3 e5 8.e4 c6 9.Qc2
exd4 10.Nxd4 Re8 11.h3 a5 12.Be3 Nc5 13.Rad1 Nfd7 14.Rfe1 a4 15.f4 Qa5 16.Bf2
Qb4 17.a3 Qa5 18.Nf3 Nb6 19.Nd2 f5 20.Kh2 Be6 21.Ne2 fxe4 22.Nxe4 Nxe4 23.Bxe4
Nxc4 24.Nd4 Bf7 25.f5 Ne5 26.g4 d5 27.Bg2 Nc4 28.Bg3 Ne3 29.Rxe3 Rxe3 30.Qf2
Rae8 31.f6 Bf8 32.Bf4 Re1 33.Rd3 Qb6 34.Qh4 Qxb2 35.Rd2 Qxd2 {#R} 0-1

[Event "It (open)"]
[Site "masterchessopen.com Hallstahammar (Sweden)"]
[Round "7"]
[White "Vernersson Per (SWE)"]
[Black "Olsson Anders (SWE)"]
[Result "1-0"]
[WhiteElo "2391"]
[BlackElo "2383"]

1.Nf3 Nf6 2.c4 g6 3.Nc3 Bg7 4.g3 O-O 5.Bg2 d6 6.d4 Nbd7 7.O-O e5 8.e4 c6 9.b3
exd4 10.Nxd4 Re8 11.h3 Nc5 12.Re1 a5 13.Bf4 Qb6 14.Bxd6 Nfxe4 15.Bxc5 Qxc5
16.Nxe4 Qxd4 17.Qxd4 Bxd4 18.Nf6+ Bxf6 19.Rxe8+ Kg7 20.Rd1 a4 21.bxa4 {#r} 1-0

[Event "Memorial Pablo Gorbea (open)"]
[Site "masterchessopen.com Madrid (Spain)"]
[Round "6"]
[White "Rodriguez De Castro Ayar (ESP)"]
[Black "Garcia Betete Jaime (ESP)"]
[Result "1-0"]
[WhiteElo "2149"]
[BlackElo "1863"]

1.d4 Nf6 2.Nf3 g6 3.g3 Bg7 4.Bg2 d6 5.O-O O-O 6.c4 Nbd7 7.Nc3 e5 8.e4 c6 9.Qc2
Qc7 10.Be3 Ng4 11.Ne2 Re8 12.Bd2 exd4 13.Nfxd4 Nc5 14.b4 Ne6 15.Bc3 Ne5 16.f4
Nxc4 17.Nxe6 Bxe6 18.Bxg7 Kxg7 19.Nd4 Ne3 20.Qc3 {#r} 1-0

[Event "Cup Moehnesee"]
[Site "masterchessopen.com Moehnesee (Germany)"]
[Round "3"]
[White "Kalinitschew Sergey (GER)"]
[Black "Lohmeier Horst (GER)"]
[Result "1-0"]
[WhiteElo "2490"]
[BlackElo "2182"]

1.d4 Nf6 2.Nf3 g6 3.c4 Bg7 4.g3 O-O 5.Bg2 d6 6.O-O Nbd7 7.Nc3 e5 8.e4 Re8 9.h3
exd4 10.Nxd4 Nc5 11.Re1 a5 12.Ndb5 Be6 13.e5 dxe5 14.Qxd8 Raxd8 15.Nxc7 Re7
16.Nxe6 Rxe6 17.Be3 Nd3 18.Red1 Red6 19.Rd2 e4 20.Rad1 {#r} 1-0

[Event "Ch St. Petersburg (1/2 final)"]
[Site "masterchessopen.com St. Petersburg (Russia)"]
[Round "5"]
[White "Ignatiev Alexander (RUS)"]
[Black "Klimov Sergey (RUS)"]
[Result "1-0"]
[WhiteElo "2316"]
[BlackElo "2466"]

1.d4 Nf6 2.Nf3 g6 3.c4 Bg7 4.g3 O-O 5.Bg2 d6 6.O-O Nbd7 7.Nc3 e5 8.e4 c6 9.Re1
Qb6 10.Rb1 exd4 11.Nxd4 Ng4 12.Nce2 Nge5 13.b3 Nxc4 14.Nc2 Nc5 15.Ne3 Ne5
16.Rf1 Ncd3 17.Bd2 f5 18.exf5 gxf5 19.Qc2 Qc5 20.Bc3 f4 21.b4 Qb6 22.Bxe5 Nxe5
23.Nxf4 Bh6 24.Nc4 Nxc4 25.Qxc4+ d5 26.Bxd5+ cxd5 27.Nxd5 Qd6 28.Nc7+ Kh8
29.Nxa8 Be6 30.Qc5 Qd7 31.Nc7 Rc8 32.Qe5+ {#r} 1-0

[Event "Cup Russia (open)"]
[Site "masterchessopen.com Tomsk (Russia)"]
[Round "6"]
[White "Bocharov Dmitry (RUS)"]
[Black "Pokazanjev Nikolai (RUS)"]
[Result "1-0"]
[WhiteElo "2524"]
[BlackElo "2315"]

1.d4 Nf6 2.Nf3 g6 3.c4 Bg7 4.g3 O-O 5.Bg2 d6 6.O-O Nbd7 7.Nc3 e5 8.e4 c6 9.Be3
Re8 10.h3 exd4 11.Nxd4 Nc5 12.Qc2 a5 13.Rad1 Qe7 14.Rfe1 Nfd7 15.b3 Nf8 16.f4
Bd7 17.Bf2 Rad8 18.a3 Nfe6 19.Nde2 Bc8 20.b4 axb4 21.axb4 Na6 22.Qb3 Nec7
23.Na4 Be6 24.Nb6 f6 25.Nc3 Qf7 26.Rd2 Na8 27.Nca4 Nxb6 28.Nxb6 f5 29.exf5
gxf5 30.Rde2 Nc7 31.Qd3 Na6 32.Qd2 Nc7 33.b5 cxb5 34.cxb5 Nxb5 35.Rxe6 {#r}
1-0

[Event "Ch Georgia (1 Liga)"]
[Site "masterchessopen.com Tbilisi (Georgia)"]
[Date "2002.05.02"]
[Round "8"]
[White "Gagunashvili Merab (GEO)"]
[Black "Shamugia Shavleg (GEO)"]
[Result "1-0"]
[WhiteElo "2563"]
[BlackElo "2201"]

1.d4 Nf6 2.c4 g6 3.Nf3 Bg7 4.g3 O-O 5.Bg2 d6 6.Nc3 Nbd7 7.O-O e5 8.e4 exd4
9.Nxd4 Nc5 10.h3 Re8 11.Re1 a5 12.Ndb5 Nfd7 13.Be3 Ne5 14.b3 Ned3 15.Re2 c6
16.Nd4 f5 17.exf5 gxf5 18.Rd2 Bxd4 19.Bxd4 Re1+ 20.Qxe1 Nxe1 21.Rxe1 Ne6
22.Be5 Ng5 23.Bxd6 Nf7 24.c5 a4 25.Nxa4 Qa5 26.Re8+ Kg7 27.Bf4 {#r} 1-0

[Event "It (open)"]
[Site "masterchessopen.com Zalakaros (Hungary)"]
[Date "2002.05.27"]
[Round "5"]
[White "Horvath Peter_ (HUN)"]
[Black "Vajda Szidonia (HUN)"]
[Result "1-0"]
[WhiteElo "2458"]
[BlackElo "2382"]

1.d4 Nf6 2.c4 g6 3.g3 Bg7 4.Bg2 d6 5.Nf3 O-O 6.Nc3 Nbd7 7.O-O e5 8.e4 c6 9.b3
Re8 10.h3 exd4 11.Nxd4 Nc5 12.Re1 a5 13.Bf4 Be6 14.Rc1 Qd7 15.Kh2 Rad8 16.Be3
Qc7 17.f4 Bc8 18.Qc2 h5 19.Rcd1 Qe7 20.Bf2 Nh7 21.Nf3 Nf8 22.Bd4 Nfe6 23.Bxg7
Nxg7 24.a3 Nce6 25.Nd5 cxd5 26.exd5 Qf6 27.dxe6 Nxe6 28.Qd2 b6 29.Qe3 Bb7
30.h4 Qb2 31.Rd2 Qxa3 32.Qxb6 Bxf3 33.Bxf3 Rb8 34.Qxd6 Qxb3 35.Bd5 Rbd8 36.Qc6
a4 37.Rde2 Rc8 38.Qa6 Rcd8 39.Bxe6 fxe6 40.Rxe6 {#r} 1-0

[Event "Tournament (open)"]
[Site "masterchessopen.com Letojanni (Italy)"]
[Date "2002.09.29"]
[Round "9"]
[White "Ortega Lexy (ITA)"]
[Black "Hocevar Nikola (SLO)"]
[Result "1-0"]
[WhiteElo "2452"]
[BlackElo "2100"]

1.d4 Nf6 2.Nf3 d6 3.g3 g6 4.Bg2 Bg7 5.c4 Nbd7 6.Nc3 e5 7.O-O O-O 8.e4 c6 9.b3
Re8 10.h3 h6 11.Be3 Kh7 12.Qc2 Qc7 13.Rac1 a5 14.Rfd1 Bf8 15.Na4 c5 16.d5 Nb8
17.Nc3 Bd7 18.Bf1 b6 19.a3 Na6 20.Nb5 Qd8 21.Kh2 Be7 22.Bd2 Bxb5 23.cxb5 Nb8
24.Bc3 Nbd7 25.Nd2 Ng8 26.Nc4 f6 27.f4 Bf8 28.Be2 Rb8 29.f5 Qe7 30.fxg6+ Kxg6
31.Bg4 Kh7 32.Qf2 Rb7 33.a4 Rd8 34.Rf1 Qg7 35.Be6 Be7 36.Bxd7 Rdxd7 37.Nxb6
{#r} 1-0

[Event "Ch Africa"]
[Site "masterchessopen.com Abuja (Nigeria)"]
[Round "3"]
[White "Simutowe Amon (ZAM)"]
[Black "Henni Mohamed (ALG)"]
[Result "1-0"]
[WhiteElo "2424"]
[BlackElo "2295"]

1.Nf3 d6 2.d4 Nd7 3.c4 e5 4.Nc3 Ngf6 5.e4 g6 6.g3 Bg7 7.Bg2 O-O 8.O-O c6 9.Re1
exd4 10.Nxd4 Re8 11.h3 a5 12.Bf4 Ne5 13.b3 Nfd7 14.Be3 Nc5 15.Rb1 a4 16.Re2
axb3 17.axb3 Ra3 18.Rc2 Ra6 19.f4 Ned7 20.b4 Ne6 21.b5 cxb5 22.Nxe6 Rxe6
23.cxb5 Ra8 24.Nd5 Nc5 25.e5 Re8 26.exd6 Rxe3 27.Nxe3 Ne6 28.Kh2 Nd4 29.Rd2
Qxd6 30.Nd5 Bf5 31.Rc1 Nxb5 32.Nc7 {#r} 1-0

[Event "Ch Argentina (juniors) (under 18)"]
[Site "masterchessopen.com Argentina"]
[Round "3"]
[White "Manzone Alessandro (ARG)"]
[Black "Perdomo Leandro (ARG)"]
[Result "1-0"]
[WhiteElo "2269"]
[BlackElo "2312"]

1.d4 Nf6 2.c4 g6 3.Nc3 Bg7 4.Nf3 O-O 5.g3 d6 6.Bg2 Nbd7 7.O-O e5 8.e4 c6 9.b3
Re8 10.h3 exd4 11.Nxd4 Ne5 12.Re1 a5 13.Rb1 Nfd7 14.Be3 Nb6 15.Qc2 a4 16.Rbd1
Qc7 17.Ndb5 cxb5 18.Nxb5 axb3 19.axb3 Qe7 20.Nxd6 Nbd7 21.Nxe8 Qxe8 22.b4 {#r}
1-0

[Event "It (open)"]
[Site "masterchessopen.com Balaguer (Spain)"]
[Round "2"]
[White "Nanu Ciprian-Costica (ROM)"]
[Black "Bruned Boris (ESP)"]
[Result "1-0"]
[WhiteElo "2459"]
[BlackElo "2173"]

1.c4 Nf6 2.Nc3 g6 3.Nf3 Bg7 4.g3 O-O 5.Bg2 d6 6.O-O e5 7.d4 Nbd7 8.e4 c6 9.Re1
Re8 10.h3 a5 11.Be3 exd4 12.Nxd4 Nc5 13.Qc2 a4 14.Rad1 Qa5 15.Bf4 Ne6 16.Nxe6
Bxe6 17.Bf1 a3 18.b3 d5 19.cxd5 cxd5 20.exd5 Bf5 21.Rxe8+ Rxe8 22.Qd2 Rc8
23.Rc1 Rd8 24.Bg2 b5 25.g4 Be6 26.Qe2 Nxd5 27.Nxd5 Bxd5 28.Bxd5 Rxd5 29.Qe8+
Bf8 30.Rc8 Qb4 31.Bh6 Rd1+ 32.Kg2 Re1 33.Qxf8+ Qxf8 34.Rxf8# 1-0

[Event "Ch Great Britain"]
[Site "masterchessopen.com Edinburgh (Scotland)"]
[Round "4"]
[White "Sowray Peter J (ENG)"]
[Black "Kotronias Vasilios (GRE)"]
[Result "0-1"]
[WhiteElo "2342"]
[BlackElo "2599"]

1.d4 Nf6 2.c4 g6 3.g3 Bg7 4.Bg2 O-O 5.Nf3 d6 6.Nc3 Nbd7 7.O-O e5 8.e4 c6 9.b3
Qb6 10.d5 Nc5 11.Be3 cxd5 12.Nxd5 Qd8 13.Nxf6+ Qxf6 14.Nd2 Ne6 15.Nb1 Nf4
16.Nc3 Nxg2 17.Kxg2 Bd7 18.Qd2 Qe6 19.Rad1 Qh3+ 20.Kg1 f5 21.Qxd6 Rf7 22.f3 f4
23.gxf4 Bg4 24.fxg4 Qxe3+ 25.Rf2 Qxc3 26.Qe6 exf4 27.Rd7 Rf8 28.Kg2 f3+ 29.Kh3
Qe3 30.Rxf7 Rxf7 31.Kg3 Qf4+ 32.Kh3 Be5 {#R} 0-1